The FIG statement on the cadastre (Record no. 95344)

MARC details
000 -LEADER
fixed length control field 00985cam a2200229 4500
008 - FIXED-LENGTH DATA ELEMENTS--GENERAL INFORMATION
fixed length control field 090401t1995 xxu||||| |||| 00| 0 eng d
020 ## - INTERNATIONAL STANDARD BOOK NUMBER
International Standard Book Number 0644453311
022 ## - INTERNATIONAL STANDARD SERIAL NUMBER
International Standard Serial Number 1018-6530
035 ## - SYSTEM CONTROL NUMBER
System control number (Sirsi) u70595
041 ## - LANGUAGE CODE
Language code of text/sound track or separate title eng
050 ## - LIBRARY OF CONGRESS CALL NUMBER
Classification number 526.92
-- 18
110 ## - MAIN ENTRY--CORPORATE NAME
Corporate name or jurisdiction name as entry element Federation International Des Geometres
245 #4 - TITLE STATEMENT
Title The FIG statement on the cadastre
260 ## - PUBLICATION, DISTRIBUTION, ETC.
Place of publication, distribution, etc. Canberra
Name of publisher, distributor, etc. FIG
Date of publication, distribution, etc. 1995
300 ## - PHYSICAL DESCRIPTION
Extent viii, 22p.
Dimensions 21cm.
350 ## - PRICE (NR) (BK AM CF MU VM SE) [OBSOLETE]
Price 0
490 ## - SERIES STATEMENT
Series statement FIG Publication
Volume/sequential designation 11 1995
520 ## - SUMMARY, ETC.
Summary, etc. Emphasises the importance of the cadastre as a land information system for social and economic development and gives examples of legal, organisational and technical issues that need to be addressed in order to establish and maintain a cadastre. Also describes some of the different roles played by surveyors in the management and operation of a cadastre.
690 ## - LOCAL SUBJECT ADDED ENTRY--TOPICAL TERM (OCLC, RLIN)
Topical term or geographic name as entry element ENVIRONMENTAL AND LAND CONSULTANCY-GEOMATICS-LAND SURVEYING-CADASTRAL SURVEYING
942 ## - ADDED ENTRY ELEMENTS (KOHA)
Suppress in OPAC 0
948 ## - LOCAL PROCESSING INFORMATION (OCLC); SERIES PART DESIGNATOR (RLIN)
c (OCLC) 04/03/1997
Holdings
Withdrawn status Lost status Source of classification or shelving scheme Damaged status Not for loan Home library Current library Shelving location Date acquired Total Checkouts Full call number Barcode Date last seen Date last checked out Copy number Price effective from Koha item type
    Dewey Decimal Classification     London London Books 15/08/1995 1 526.92 FIG 30046362 06/08/2019 08/02/2006 2 06/08/2019 Book
    Dewey Decimal Classification     Virtual Virtual Online 30/06/2005   ONLINE PUBLICATION 70595-2001 06/08/2019   1 06/08/2019 Book